| 000 | 00568nam a22001577a 4500 | ||
|---|---|---|---|
| 005 | 20120309144718.0 | ||
| 020 |
_a8186653155 _c500.00 |
||
| 035 | _aA-940635 | ||
| 037 |
_aDPL _bENG |
||
| 100 |
_aJatava, D.R. _943655 |
||
| 245 |
_aSocial and humanist thinkers : _b(Indian and western) / _cby D.R. Jatava |
||
| 260 |
_aJaipur _bINA Shree Publishers _c1998 |
||
| 300 |
_aix, 242p. _c20 cms. |
||
| 942 |
_2ddc _cEN _h144.092 _mJAT |
||
| 999 |
_c63904 _d63904 |
||